000 00368nam a2200145Ia 4500
008 220803s9999 xx 000 0 und d
020 _a9783869221847
041 _aeng
082 _a691 KUS
100 _aKusch C F
_924937
245 _aConstruction And Design Manual : Exhibition Halls
260 _aBerlin
_bDom Publisher
_c2013
300 _a304p
500 _aARCHI
999 _c15817
_d15817